000 00641nam a2200145Ia 4500
008 231221s9999 xx 000 0 und d
041 _aEnglish
082 _aBKCS12-158
100 _aMahesh, Kavi. Karanth, Pallavi. Jose, Antony
245 0 _aKnowledge Browsing with Superlinks : Digital Libraries and Knowledge Organization
260 _c2012
_bMacmillan
_aNew Delhi
500 _aKnowledge Browsing with Superlinks In: Digital Libraries and Knowledge Organization Edited by:Antony Jose. 467-477 Macmillan, Delhi, India isbn:978-935-059-076-8.
650 _aKnowledge,Browsing,Superlinks,Digital,Knowledge,Organization
942 _cIR
999 _c217452
_d217452